Vista normal
Vista MARC
Entrada Nombre personal
Número de registros utilizados en: 1
001 - NÚMERO DE CONTROL
- campo de control: 53360
003 - IDENTIFICADOR DEL NÚMERO DE CONTROL
- campo de control: BNPHU
005 - FECHA Y HORA DE LA ÚLTIMA TRANSACCIÓN
- campo de control: 20250217123446.0
008 - DATOS DE LONGITUD FIJA
- campo de control de longitud fija: 200615|| aza||aabn | a|a d
010 ## - NÚMERO DE CONTROL DE LA BIBLIOTECA DEL CONGRESO
- Número de control de LC: 1929-
040 ## - FUENTE DE LA CATALOGACIÓN
- Centro catalogador/agencia de origen: DO-SdBNP
- Lengua de catalogación: spa
- Centro/agencia transcriptor: BNPHU
- Normas de descripción: rda
100 1# - ENCABEZAMIENTO-NOMBRE DE PERSONA
- Nombre de persona: Isaac, Telésforo A.,
- Fechas asociadas al nombre: 1929-
370 ## - LUGAR ASOCIADO
- Lugar de nacimiento: San Pedro de Macorís (República Dominicana)
372 ## - CAMPO DE ACTIVIDAD
- Campo de actividad: Ordenado diácono en junio de 1958, en el mismo año presbítero en diciembre del mismo año
- Campo de actividad: Ejerció su ministerio pastoral y docente en San Pedro de Macorís, San Francisco de Macorís, Haina y Santo Domingo
- Campo de actividad: En 1982 fue consagrado Obispo, función que ejerció por 19 años en la Iglesia Episcopal Dominicana
- Campo de actividad: Fue Obisoi auxiliar en la Diócesis del Suroeste de la Flórida de 1991 a 1996 y Obispo Interino de las Islas Virgenes en 1997-1998 y de nuevo en el 2003 hasta su jublilación,
- Campo de actividad: Servio además como Obispo Presidente de la Provincia Episcopal del Caribe en Formación (de las Diócesis de Cuba, Puerto Rico, Haití y República Dominicana. Fundó los colegios "San San Gabriel" en el Ingenio Consuelo y el "Jesús Nazareno" en San Francisco de Macorís, las secundarias "San Marcos, Haína y "San Andrés", Santo Domingo.
- Campo de actividad: Fue co-fundador del Liceo Nocturno "Ercilia Pepin" y del "Instituto Domínico Americano" en San Francisco Macorís.
- Campo de actividad: Fundó el Centro de Estudios Tecnológicos de Santo Domingo y es profesos de ese Centro.
374 ## - OCUPACIÓN
- Enlace: Obispo
375 ## - GÉNERO/SEXO
- Género/Sexo: Masculino
377 ## - LENGUA/LENGUAJE ASOCIADO
- Código del idioma: spa
670 ## - FUENTE DE DATOS ENCONTRADOS
- Cita de la fuente: Work cat.: (OSt)25824: Isaac, Telésforo A., 1929-, Comentarios de Domingos en Cuaresma y Semana Santa /, 2010.
